Albums by Cover Art - Pop Punk - Statistics

General Stats
  • This quiz has been taken 278 times
    267 since last reset
  • The average score is 9 of 20
Answer Stats
Picture Answer % Correct
Green Day - Dookie
91%
Blink-182 - Enema of the State
90%
My Chemical Romance - The Black Parade
84%
Avril Lavigne - Let Go
81%
Fall Out Boy - From Under the Cork Tree
69%
Panic! at the Disco - A Fever You Can't Sweat Out
69%
Paramore - Brand New Eyes
69%
Sum 41 - All Killer, No Filler
58%
The Offspring - Smash
58%
The All-American Rejects - Move Along
47%
All Time Low - So Wrong It's Right
44%
Yellowcard - Ocean Avenue
42%
Simple Plan - No Pads, No Helmets...Just Balls
38%
Good Charlotte - The Young and the Hopeless
37%
Neck Deep - Life's Not Out to Get You
21%
Billy Talent - Billy Talent II
13%
The Wonder Years - The Greatest Generation
11%
Worry - Jeff Rosenstock
10%
Joyce Manor - Never Hungover Again
9%
The Unlovables - Crush - Boyfriend - Heartbreak
1%
No matching quizzes found
Score Distribution
Percent of People with Each Score
Percentile by Number Answered
Your Score History
You have not taken this quiz since the last reset